000 00292nam a2200121Ia 4500
008 190802s9999 xx 000 0 und d
020 _a969-35-1491-2
100 _aIntezaar Hussain
245 0 _aDehli Thaa Jes ka Naam
260 _aLahore
_bSang-e-Meal
_c2007
300 _a192:p
942 _cBK
999 _c2428
_d2428